000 00643nam a2200217 u 4500
005 20240924071243.0
008 090319s2007 r 000 0 eng d
020 _a9789702009887
035 _aUPN01000169979
049 _aI
050 4 _aPZ73
_bM3.8 2007
100 1 _aMansour Manzur, Vivian
_932610
245 1 3 _aLa vida útil de Pillo Polilla /
_cVivian Mansour Manzur ; il. de David Lara.
250 _a2a ed.
260 _aMéxico :
_bCastillo,
_c2007.
300 _a102 p. :
_bil.
440 0 _aCastillo de la lectura.
_pNaranja
650 4 _aCuentos infantiles
_96744
650 4 _aLiteratura infantil
_94445
905 _aInfantil
999 _c142085
_d142085